Schnelle Mathematik - Zahlen im Hexadezimalsystem Level 18 - Statistiken

Allgemein
  • Dieses Quiz wurde 25 mal gespielt
  • Das Durchschnittsergebnis liegt bei 12 aus 60
Antwortstatistiken
Zahl Zahl % Korrekt
B B
100%
3 3
80%
3 3
67%
7 7
67%
6 6
60%
8 8
60%
0 0
50%
0 0
50%
5 5
50%
6 6
50%
9 9
50%
F F
50%
F F
50%
6 6
43%
D D
43%
4 4
40%
7 7
40%
7 7
40%
C C
40%
E E
40%
1 1
33%
1 1
33%
4 4
33%
4 4
33%
8 8
33%
E E
33%
F F
33%
0 0
29%
2 2
25%
2 2
25%
3 3
25%
3 3
25%
5 5
25%
8 8
25%
8 8
25%
9 9
25%
B B
25%
C C
25%
D D
25%
E E
25%
F F
25%
2 2
20%
2 2
20%
7 7
20%
7 7
20%
A A
20%
C C
20%
D D
20%
E E
20%
E E
20%
E E
20%
F F
20%
5 5
17%
6 6
17%
8 8
17%
A A
17%
A A
17%
B B
17%
F F
17%
4 4
14%
9 9
14%
A A
14%
C C
14%
D D
14%
D D
14%
A A
13%
C C
13%
0 0
0%
0 0
0%
0 0
0%
1 1
0%
1 1
0%
1 1
0%
1 1
0%
2 2
0%
2 2
0%
3 3
0%
3 3
0%
4 4
0%
4 4
0%
5 5
0%
5 5
0%
5 5
0%
6 6
0%
6 6
0%
7 7
0%
8 8
0%
9 9
0%
9 9
0%
9 9
0%
A A
0%
B B
0%
B B
0%
B B
0%
C C
0%
D D
0%
Keine übereinstimmenden Quizze gefunden
Verteilung der Resultate
Anzahl Personen mit jedem Resultat
Perzentil nach korrekt beantworteten Fragen
Ihre Resultats-Entwicklung
Sie haben dieses Quiz noch nicht gespielt